000 00547nam a2200241Ia 4500
003 OSt
005 20221105100907.0
008 210210b1989 xxu||||| |||| 00| 0 eng d
040 _cAL
041 _aEnglish
082 _a581 GANG
100 _aGANGULY (A K)
_961127
245 _aGeneral botany V1
250 _a8
260 _aDelhi
_bEmkay Publications
_c1989
300 _aviii,1471
440 _a1
_961128
650 _aV1
_961129
690 _aBotany
_961130
700 _aKUMAR (N C).
_961131
906 _a042969
942 _2ddc
_cBK
999 _c92593
_d92593